00685cam a22002175a 450000500170000000800410001701000140005802000230007203500130009503700130010804000130012108200120013410000270014624500620017326000500023527000580028530000290034350000360037252000260040865000330043420091103014612.0090911s2009 ii ab b 100 0 eng d aENG-95339 a8170244242c495.00 aEN-78872 bDBAD/PUB aDPLbeng a371.146 aSiddiqui, Mohd. Akhtar aIn- Service Teacher Education /cby Mohd. Akhtar Siddiqui aNew Delhi :bAPH Publishing Corporationc2009 a4435-36/7. Ansari road, Darya GanjbNew Delhie110002 a xv, 150 p.c22 cm. (Hb) aIncludes Index and bibliography aContributed articles. aTeacherxIn-service training